00000000nam 2200000zi 4500
0019.872762
003CaOODSP
00520221107163728
006m     o  d f      
007cr |n|||||||||
008190510e196909##onc    #ob   f000 0 eng d
040 |aCaOODSP|beng|erda|cCaOODSP
043 |an-cn-ns
045 |au3v5
0861 |aR61-2/7-10E-PDF
1001 |aColeman, Margaret, |eauthor.
24514|aThe Acadians at Port-Royal / |cby Margaret Coleman.
264 1|a[Ottawa] : |bNational and Historic Parks Branch, Department of Indian Affairs and Northern Development, |cSeptember 1969.
300 |a1 online resource (10 pages)
336 |atext|btxt|2rdacontent
337 |acomputer|bc|2rdamedia
338 |aonline resource|bcr|2rdacarrier
4901 |aManuscript report / National Historic Sites Service ; |vnumber 10
500 |aDigitized edition from print [by History of Parks Canada Electronic Library].
504 |aBibliography: pages 105-110.
5203 |aDescribes the history of the Acadian settlement at Port-Royal : The beginnings; The French period, 1671-1710; The British at Annapolis; War in the 1740s; Annapolis in the late 1740s; The Acadians' last decade at Annapolis.
69207|2gccst|aCanadian history
69207|2gccst|aHistoric sites
7101 |aCanada.|bNational and Historic Parks Branch.
7101 |aCanada. |bNational Historic Sites Service.
7102 |aParks Canada.
7101 |aCanada. |bDepartment of Indian Affairs and Northern Development.
830#0|aManuscript report (Canada. National Historic Sites Service)|vno. 10|w(CaOODSP)9.838066
85640|qPDF|s30.28 MB|uhttps://publications.gc.ca/collections/collection_2019/pc/R61-2-7-10-eng.pdf